书目信息 |
| 题名: |
管理心理学
|
|
| 作者: | 李建周 主编 | |
| 分册: | ||
| 出版信息: | 北京 教育科学出版社 1992 |
|
| 页数: | 352页 | |
| 开本: | 20cm | |
| 丛书名: | ||
| 单 册: | ||
| 中图分类: | C93-05 | |
| 科图分类: | ||
| 主题词: | 管理学 | |
| 电子资源: | ||
| ISBN: | 7-5041-0832-4 | |
| 000 | 00532nam0 2200193 450 | |
| 001 | 0630506140 | |
| 005 | 20071001095536.45 | |
| 010 | @a7-5041-0832-4@dCNY4.90 | |
| 100 | @a20060602d1992 km y0chiy0120 ea | |
| 101 | 0 | @achi |
| 102 | @aCN@b110000 | |
| 200 | 1 | @a管理心理学@Aguan li xin li xue@f李建周主编@Fli jian zhou zhu bian |
| 210 | @a北京@c教育科学出版社@d1992 | |
| 215 | @a352页@d20cm | |
| 606 | 0 | @a管理学 |
| 690 | @aC93-05@v3 | |
| 701 | 0 | @a李建周@Ali jian zhou@4主编 |
| 801 | 0 | @aCN@bPFT@c20071001 |
| 905 | @a10447@dC93-05@e206 | |
| 管理心理学/李建周主编.-北京:教育科学出版社,1992 |
| 352页;20cm |
| ISBN 7-5041-0832-4:CNY4.90 |
| ● |
| 相关链接 |
|
|
|
|
正题名:管理心理学
索取号:C93-05/206
 
预约/预借
| 序号 | 登录号 | 条形码 | 馆藏地/架位号 | 状态 | 备注 |
| 1 | 0420188 | 204201880 | 密集书库/ [索取号:C93-05/206] | 在馆 | |
| 2 | 0626309 | 206263096 | 密集书库/ [索取号:C93-05/206] | 在馆 |